000 00325nam a2200121Ia 4500
008 240731s9999 xx 000 0 und d
022 _a1532-7612
245 0 _aJournal of Applied Mathematics and Decision Sciences
260 _bRoutledge
856 _uhttps://www.tandfonline.com/loi/hzzf20
942 _2ddc
942 _cTFEJ
999 _c77433
_d77433
945 _a1
_bMadushi Gamage
_c1
_dMadushi Gamage